000 00307nam a22001337a 4500
008 171020b xxu||||| |||| 00| 0 eng d
020 _a0876204256
041 _aeng
080 _a338
100 _a54
101 _aMEN
245 _aINFORMATION AND CONTROL IN ORGANIZATIONS
_cLAWLER,E.E
942 _2udc
_cBK
999 _c35058
_d35058